header

Biotransformation and metabolite elucidation of xenobiotics (Record no. 185472)

MARC details
000 -LEADER
fixed length control field 01227nam a2200313Ia 4500
082 04 - DEWEY DECIMAL CLASSIFICATION NUMBER
Classification number 615.9
245 00 - TITLE STATEMENT
Title Biotransformation and metabolite elucidation of xenobiotics
260 ## - PUBLICATION, DISTRIBUTION, ETC. (IMPRINT)
Place of publication Hoboken, N.J. :
Name of publisher John Wiley & Sons,
Year of publication 2010.
300 ## - PHYSICAL DESCRIPTION
Number of Pages xi, 328 p. :
Other physical details ill.
650 #0 - SUBJECT ADDED ENTRY--TOPICAL TERM
Topical Term Xenobiotics
Topical Term Metabolites
Topical Term Biotransformation (Metabolism)
700 1# - ADDED ENTRY--PERSONAL NAME
Personal name Nassar, Ala F.
856 40 - ELECTRONIC LOCATION AND ACCESS
Uniform Resource Identifier http://site.ebrary.com/lib/rucke/Doc?id=10419055

No items available.

© 2026 Rongo University
Contact us: librarian | system librarian | Rongo university